| 000 | 01149cam a2200325 a 4500 | ||
|---|---|---|---|
| 001 | 14943330 | ||
| 003 | OSt | ||
| 005 | 20140310182822.0 | ||
| 008 | 070727s2007 ja ab 000 0 eng | ||
| 010 | _a 2007933898 | ||
| 020 | _a9780804838375 (pbk.) | ||
| 020 | _a0804838372 (pbk.) | ||
| 040 |
_aDLC _cDLC _dDLC |
||
| 041 | 0 |
_aeng _atag |
|
| 050 | 0 | 0 |
_aPL 6053 _b.As78 2007 |
| 082 | 0 | 0 |
_a499/.21183421 _222 |
| 100 | 1 | _aAspillera, Paraluman S. | |
| 245 | 1 | 0 |
_aBasic Tagalog for foreigners and non-Tagalogs / _cby Paraluman S. Aspillera ; revised and updated by Yolanda Canseco Hernandez. |
| 250 | _aRev. 2nd ed. | ||
| 260 |
_aTokyo ; _aRutland, Vt. : _bTuttle Pub., _c2007. |
||
| 300 |
_a239 p. : _bill., map ; _c26 cm. + _e1 sound disc (digital ; 4 3/4 in.) |
||
| 490 | 0 | _aTuttle language library | |
| 650 | 0 |
_aTagalog language _xTextbooks for foreign speakers _xEnglish. |
|
| 700 | 1 | _aHernandez, Yolanda Canseco. | |
| 906 |
_a7 _bcbc _corigcop _d2 _eepcn _f20 _gy-gencatlg |
||
| 942 |
_2lcc _cBK _kLOC |
||
| 999 |
_c16414 _d16414 |
||